| 000 | 01657nam a22002297a 4500 | ||
|---|---|---|---|
| 001 | 6893 | ||
| 003 | FISKH | ||
| 005 | 20250605095107.0 | ||
| 008 | 250604b cb ||||| |||| 00| 0 eng d | ||
| 020 | _a9789995000752 | ||
| 040 |
_aFISKH _bkhr _cFISKH _dFISKH |
||
| 082 | _a530 | ||
| 100 | _aChandy, Eam | ||
| 245 |
_aវិទ្យាសាស្រ្ត រូបវិទ្យា : _b១១ / _cលោកស្រី អៀម ច័ន្ទឌី ,លោកស្រី ឈុំ ណាវី, លោកធាង ស្រ៊ុយ និងលោក ជា សែ |
||
| 250 | _aបោះពុម្ពឆ្នាំ២០១៩ | ||
| 260 |
_aភ្នំពេញ : _bគ្រឺះស្ថានបោះពុម្ពនិងចែកផ្សាយ , _c២០១៩ . |
||
| 300 |
_a252 pages : _billustrations ; _c25 cm . |
||
| 520 | _aសៀវភៅរូបវិទ្យាថ្នាក់ទី១១ គឺជាផ្នែកមួយនៃកម្មវិធីសិក្សាផ្លូវការរបស់ក្រសួងអប់រំ យុវជន និងកីឡា ដែលមានគោលបំណងបង្រៀនសិស្សអំពីគ្រឿងផ្សំ និងចលនារបស់អាតូម និងធាតុគីមីផ្សេងៗ។ | ||
| 520 | _aThe Grade 11 Physics textbook is part of the official curriculum developed by the Ministry of Education, Youth and Sport of Cambodia. It is intended to teach students about the components and motion of atoms and various physical elements. | ||
| 700 |
_aPhany, Hak _eIllustrator |
||
| 942 |
_2ddc _cKHB _n0 |
||
| 999 |
_c6893 _d6893 |
||